College Quizbowl Stats
College Quizbowl Stats
Circuits
Seasons
Sets
Records
Detailed Stats
About
Loading...
2023 Penn Bowl (Mainsite)
Tossups
Bonuses
Players
Teams
Categories (Tossup)
Categories (Bonus)
Geoffrey Wu
Columbia B
Categories
Category
Powers
Gets
Negs
BBs
Points
Earliest Buzz
Avg. Buzz
First Buzzes
Top 3 Buzzes
BPA
PVF
Current Events
1
0
0
0
15
30
30.00
0
1
0.00
0.00
Science - Biology
1
0
0
0
15
49
49.00
1
1
0.00
0.00
Science - Physics
1
0
0
0
15
62
62.00
1
1
0.00
0.00
Science - Chemistry
0
0
1
0
-5
0.00
0
0
0.00
0.00
Buzzes
Category
Answer
Value
Buzz Position
Current Events
North Carolina
15
30
Science - Biology
ears
15
49
Science - Chemistry
ultraviolet light
-5
54
Science - Physics
shock waves
15
62
Previous
1
Next